书目信息 |
| 题名: |
物理诊断学
|
|
| 作者: | ;北京医学院附属人民医院 主编 | |
| 分册: | ||
| 出版信息: | 北京 人民卫生出版社 1977 |
|
| 页数: | 974页 | |
| 开本: | 26cm | |
| 丛书名: | ||
| 单 册: | ||
| 中图分类: | R443 | |
| 科图分类: | ||
| 主题词: | 物理诊断 | |
| 电子资源: | ||
| ISBN: | ||
| 000 | 00609nam0 2200217 45 | |
| 001 | 0177001975 | |
| 005 | 20061121093110.15 | |
| 010 | @dCNY7.10 | |
| 100 | @a19951011d1977 em y0chiy0121 ea | |
| 101 | 0 | @achi |
| 102 | @aCN@b110000 | |
| 105 | @ay z 000yy | |
| 200 | 10 | @a物理诊断学@Awu li zhen duan xue@f北京医学院附属人民医院主编 |
| 210 | @a北京@c人民卫生出版社@d1977 | |
| 215 | @a974页@d26cm | |
| 606 | @a物理诊断 | |
| 690 | @aR443@v3 | |
| 711 | 02 | @a北京医学院附属人民医院@Abei jing yi xue yuan fu shu ren min yi yuan@4主编 |
| 801 | 2 | @aCN@bNLC@c20061121 |
| 801 | 0 | @aCN@bTSSF |
| 905 | @a10447@dR443@e2 | |
| 物理诊断学/北京医学院附属人民医院主编.-北京:人民卫生出版社,1977 |
| 974页;26cm |
| ISBN :CNY7.10 |
| ● |
| 相关链接 |
|
|
|
|
正题名:物理诊断学
索取号:R443/2
 
预约/预借
| 序号 | 登录号 | 条形码 | 馆藏地/架位号 | 状态 | 备注 |
| 1 | 0012812 | 000714016 | 第二样本阅览室/ [索取号:R443/2] | 在馆 |